00500nam a2200157Ia 4500008004100000020001800041082001500059100001600074245008700090250000700177260004200184300002600226500001900252600002100271650005000292240925s9999 xx 000 0 und d a9788126553372 a006.31 BEL aBell, Jason 0aMachine Learning for Big Data: Hands-On For Developers and Technical Professionals aNA aNew Delhi:bJohn Wiley & Sonsc,2015. a843p.bN.AfPhotocopy aIncludes Index aComputer Science aComputer science, information & general works